| 000 | 00530nam a2200181 a 4500 | ||
|---|---|---|---|
| 005 | 20220816063849.0 | ||
| 008 | 991125s1983 mx 000 0 spa u | ||
| 020 | _a9682412579 | ||
| 035 | _aUPN01000002568 | ||
| 049 | _aCG | ||
| 050 | 4 |
_aP105 _bC6.3 |
|
| 100 | 1 | _aCoronas Alonso, Rita | |
| 245 | 1 | 0 |
_aAnálisis conductual del aprendizaje verbal : _benfoque experimental y lingüística / _cRita Coronas Alonso. |
| 260 |
_aMéxico : _bTrillas, _c1983. |
||
| 300 | _a184 p. | ||
| 650 | 7 |
_aPsicolingüística _2 _9109 |
|
| 905 | _aLibro | ||
| 999 |
_c2568 _d2568 |
||